Một số vấn đề về nội dung và phương pháp dạy học môn toán tiểu học : Sách bồi dưỡng thương xuyên chu kì 1997 - 2000 cho giáo viên tiểu học

Sách nêu ra các quy định về số tiết của chương trình, phục vụ yêu cầu giảng dạy, hướng dẫn các lớp bồi dưỡng ; đồng thời có phần hướng dẫn học, ôn tập kiểm tra để học viên sử dụng trong quá trình tự học, tự nghiên cứu cho gaío vie...

Cijeli opis

Spremljeno u:
Bibliografski detalji
Glavni autor: Kiều, Đức Thành
Format: Knjiga
Jezik:Undetermined
Izdano: Hà Nội Giáo dục 2001
Teme:
Oznake: Dodaj oznaku
Bez oznaka, Budi prvi tko označuje ovaj zapis!
Thư viện lưu trữ: Trung tâm Học liệu Trường Đại học Cần Thơ
LEADER 01314nam a2200217Ia 4500
001 CTU_160741
008 210402s9999 xx 000 0 und d
082 |a 372.7 
082 |b Th107 
100 |a Kiều, Đức Thành 
245 0 |a Một số vấn đề về nội dung và phương pháp dạy học môn toán tiểu học : 
245 0 |b Sách bồi dưỡng thương xuyên chu kì 1997 - 2000 cho giáo viên tiểu học 
245 0 |c Kiều Đức Thành (Chủ biên) ; Hoàng Ngọc Hưng, Lê Tiến Thành, Nguyễn Văn Tuấn 
260 |a Hà Nội 
260 |b Giáo dục 
260 |c 2001 
520 |a Sách nêu ra các quy định về số tiết của chương trình, phục vụ yêu cầu giảng dạy, hướng dẫn các lớp bồi dưỡng ; đồng thời có phần hướng dẫn học, ôn tập kiểm tra để học viên sử dụng trong quá trình tự học, tự nghiên cứu cho gaío viên ở cấp bậc tiểu học. 
650 |a Mathematics,Toán học 
650 |x Study and teaching (Elementary),Dạy và học (Tiểu học) 
904 |i Thuỳ, Năm 
980 |a Trung tâm Học liệu Trường Đại học Cần Thơ